Vista normal
Vista MARC
Entrada Materia (personas)
Número de registros utilizados en: 2
001 - CONTROL NUMBER
- control field: 128745
003 - CONTROL NUMBER IDENTIFIER
- control field: Co-BoUCM
005 - DATE AND TIME OF LATEST TRANSACTION
- control field: 20211020104959.0
008 - FIXED-LENGTH DATA ELEMENTS
- fixed length control field: 211020|| aca||aabn | a|a d
040 ## - CATALOGING SOURCE
- Original cataloging agency: Co-BoUCM
- Transcribing agency: Co-BoUCM
100 ## - HEADING--PERSONAL NAME
- Personal name: Tutino, John
- Dates associated with a name: 1947-
670 ## - SOURCE DATA FOUND
- Source citation: Work cat.: (Co-BoUCM)40497: Tutino, John 1947-, From insurrection to revolution in Mexico social bases of agrarian violence, 1750-1940, c1986